Eminem Songs - Sudden Death - Statistics

General Stats
  • This quiz has been taken 959 times
  • The average score is 7 of 16
Answers on the Grid
Answers color-coded by a green-red scale on the quiz's grid according to % correct below.
Marshall Mathers
Help Me Go
Kill You
Criminal
Love Game
Cleanin' Out my Closet
Love Yourself
Good Riddance
Rap God
Godzilla
Trick Trick
Filler
Business
Mixtape 4
Private Schools
Head Honcho
Big Me
Lucky You
Fumbled The Bag
I'm Back
The Way I am
Hot Shower
Never Again
Let Us In
Control
Fuel
Not Alike
I Can't Feel
The Ringer
Foenem
Stuck Up
Tobey
 
Answer Stats
Answer % Correct
Marshall Mathers
78%
Kill You
70%
Cleanin' Out my Closet
68%
Rap God
64%
Criminal
58%
Godzilla
57%
The Way I am
44%
Business
37%
Love Game
32%
Lucky You
30%
Fuel
29%
I'm Back
29%
Tobey
27%
The Ringer
25%
Not Alike
22%
Head Honcho
14%
No matching quizzes found
Score Distribution
Percent of People with Each Score
Percentile by Number Answered
Your Score History
You have not taken this quiz